Cítime negatívnu spotrebiteľskú náladu
Rozhovor s generálnym riaditeľom Dr. Max Slovensko, Mariánom Jánošom, ktorý na čele lekární stojí od roka 2023. Sieť lekární Dr. Max je od minulého roka členom Slovenskej aliancie moderného obchodu, s ktorou rieši retailové témy. Jednou z nich sú aj krádeže, kvôli ktorým musela sprísniť bezpečnostné...
Salvato in:
| Autore principale: | |
|---|---|
| Altri autori: | |
| Natura: | Capitolo di libro |
| Lingua: | slovacco |
| Soggetti: | |
| Tags: |
Nessun Tag, puoi essere il primo ad aggiungerne!!
|
MARC
| LEADER | 00000naa a2200000 4500 | ||
|---|---|---|---|
| 001 | 0315408 | ||
| 005 | 20260312095531.1 | ||
| 041 | 0 | |a slo | |
| 044 | |a CZ | ||
| 245 | 1 | 0 | |a Cítime negatívnu spotrebiteľskú náladu |c Tatiana Kapitánová, Marián Jánoš |
| 520 | |a Rozhovor s generálnym riaditeľom Dr. Max Slovensko, Mariánom Jánošom, ktorý na čele lekární stojí od roka 2023. Sieť lekární Dr. Max je od minulého roka členom Slovenskej aliancie moderného obchodu, s ktorou rieši retailové témy. Jednou z nich sú aj krádeže, kvôli ktorým musela sprísniť bezpečnostné pravidlá. Reťazec postupne mení predstavy o tom, ako vyzerá lekáreň. Pridáva nové kategórie sortimentu a služby, ktoré v minulosti neboli bežné. | ||
| 610 | 2 | 0 | |a rozhovor |
| 610 | 2 | 0 | |a lekárne |
| 610 | 2 | 0 | |a lekárnictvo |
| 610 | 2 | 0 | |a obchod elektronický |
| 610 | 2 | 0 | |a reťazce obchodné |
| 610 | 2 | 0 | |a budovanie značky |
| 610 | 2 | 0 | |a starostlivosť o zdravie |
| 100 | 1 | |a Kapitánová, Tatiana | |
| 700 | 1 | |a Jánoš, Marián | |